000 02486cam a22002654a 4500
005 20250605164221.0
008 250528s ||||||||||||||||||||||||d
035 _a20692
020 _a9608183278
040 _aGR-AtMCL
_bgre
_dGR-AtMCL
_eAACR2
245 1 _aΕξελικτική και Διδακτική Προσέγγιση της Φυσικής Αγωγής στο Σχολειο
260 _bΧριστοδουλίδη,
_c2011
300 _a194
520 _aΠρόλογος, Ο Μαθητής, Γενικά - Ορισμοί, Προσεγγίσεις και Μοντέλα Προσωπικότητας, Η Εξέλιξη της Προσωπικότητας στην Εφηβική Ηλικία, Ο Εκπαιδευτικός - Ειδικά Θέματα, Η Παιδαγωγική Προσωπικότητα του Εκπαιδευτικού, Η Σημασία της Γλώσσας του Σώματος του Εκπαιδευτικού στην Τάξη, Το Διδακτικό Εργο Μέσα στην Τάξη, Σύγκρουση Ρόλων Καθηγητή Φυσικής Αγωγής και Προπονητή, Η Διδασκαλία, Έννοια και Σκοποί της Διδασκαλίας, Ψυχολογική Θεμελίωση της Διδασκαλίας, Μαθητής - Διδάσκων - Ύλη Διδασκαλίας, Μορφές και Στυλ Διδασκαλίας, Μετωπική Διδασκαλία, Ομαδική Διδασκαλία, Μονολογική - Ακροαματική Μοεφή Διδασκαλίας, Διδασκαλία Μέσω Υποδειγμαστικής Εκτέλεσης, Διδασκαλία με Μορφή Ερωτημάτων, Διδασκαλία με Παρότρυνση, Μέθοδος Διδασκαλίας, Διάγνωση και Αξιολόγησ και Μέτρηση της Επίδοσης και Προόδου των Μαθητών, Προγραμματισμός και Οργάνωση της Διδασκαλίας και της Μάθησης, Ευρετήριο Ονομάτων και Όρων.
700 1 _aΓρούιου Γ
_96654
700 1 _aΔαρόγλου Γ
_96655
700 1 _aΖαχαριάδη Π
_96656
700 1 _aΚανιόγλου Α
_96657
700 1 _aΜοσχοπούλου Ε
_96658
700 1 _aΜπαρκούτη Β
_96659
700 1 _aΤσορμπατζούδης Χαράλαμπος
_96660
942 _cBK
999 _c5778
_d5778